000 00259nam a2200097Ia 4500
001 1076017
005 20250827002249.0
008 250824s9999 xx 000 0 und d
245 0 _aÖZGÜRLEĞE KAÇIŞIM
_cALİYA İZZET BEGOVİÇ
260 _bKETEBE YAYINLARI
999 _c1076017
_d1076017